000 00477nam a2200181Ia 4500
003 LK-CoDNM
008 010623t1961 xxu||||| |||| 00| 1 sin d
040 _aLK-CoDNM
_dLK-CoDNM
_eLK-CoDNM
041 _asin
080 _a37
_bSOM
100 _aSomarathna, W.R.P.
245 _aඅධ්‍යාපන විද්‍යාව
246 _aAddyapana viddyawa
260 _bM.D.Gunasena
_aColombo 11
_c1961
300 _b189, 21.5 cm
650 _aEducation
942 _cBK
999 _c105648
_d105648